Teoría del partisano. Acotación al concepto de lo político.

Saved in:
書目詳細資料
主要作者: Schmitt, Carl, 1888-1985 (autor)
格式: 圖書
出版: Madrid, España: Instituto de Estudios Políticos, 1966.
叢編:Colección Ideologías Contemporáneas.
主題:
標簽: 添加標簽
沒有標簽, 成為第一個標記此記錄!

MARC

LEADER 00000nam a2200000 a 4500
001 UCS2645
003 CL-VaPUC
005 20250327113713.0
008 220629t1966 ||||| |||| 00| 0 eng d
999 |c 436477  |d 436475 
040 |c Pontificia Universidad Católica de Valparaíso 
082 7 |a 355.0218 SCH 1966  |2 22 
100 |a Schmitt, Carl,  |d 1888-1985  |e autor  |9 258380 
245 |a Teoría del partisano.   |b  Acotación al concepto de lo político. 
260 |a Madrid, España:  |b Instituto de Estudios Políticos,  |c 1966. 
300 |a 130 páginas. 
490 |a Colección Ideologías Contemporáneas.  
500 |a c.1 Donación Familia Prof. Alejandro Guzmán Brito. 
583 |a last modification  |c 19970604 00:00:00  |k Cristina María Rojas Aguilar 
650 |a Guerrilla  |9 535906 
650 |a Partisano  |9 871826 
942 |c BK  |2 ddc  |n 0 
952 |0 0  |1 0  |2 ddc  |4 0  |6 355_021800000000000_SCH_1966  |7 0  |8 C_AGB  |9 584142  |a BIBDER  |b BIBDER  |d 2022-06-29  |e Donación   |i 5652295  |o 355.0218 SCH 1966  |p 5652295  |r 2023-01-25  |t 1  |w 2022-06-29  |y BK_US  |k AGB